[Event "CAMPEONATO CONTINENTAL ABSOLUT"]
[Site "Hotel Torre de Cali, Cali, Co"]
[Date "2007.07.12"]
[Round "3.32"]
[White "Narvaez, Faber Alberto"]
[Black "Quinones, Cesar"]
[Result "0-1"]
[WhiteElo "2140"]
[BlackElo "2268"]
[PlyCount "56"]
[EventDate "2007.07.10"]
[EventType "swiss"]

1. e4 c5 2. Nf3 d6 3. d4 cxd4 4. Nxd4 Nf6 5. Nc3 Nc6 6. Be3 Ng4 7. Bb5 Nxe3 8.
fxe3 Bd7 9. O-O e6 10. Nxc6 bxc6 11. Qf3 Qe7 12. Ba4 g6 13. Rad1 Bh6 14. e5 d5
15. Ne2 O-O 16. c3 Rab8 17. b4 Bg7 18. Qg3 c5 19. Bxd7 Qxd7 20. e4 Qb5 21. Qe3
dxe4 22. Qxe4 cxb4 23. Nd4 Qc5 24. Kh1 bxc3 25. Nf3 Rb2 26. a3 c2 27. Rc1 Bh6
28. h4 Qe3 0-1

[Event "CAMPEONATO CONTINENTAL ABSOLUT"]
[Site "Hotel Torre de Cali, Cali, Co"]
[Date "2007.07.12"]
[Round "3.33"]
[White "Barros, Raul"]
[Black "Renteria, Jorge"]
[Result "0-1"]
[WhiteElo "2056"]
[BlackElo "2252"]
[PlyCount "76"]
[EventDate "2007.07.10"]
[EventType "swiss"]

1. Nf3 c5 2. e3 Nf6 3. d4 e6 4. Bd3 b6 5. O-O Bb7 6. b3 Be7 7. Bb2 O-O 8. Nbd2
d5 9. Ne5 Nbd7 10. f4 Qc7 11. Qe1 Ne4 12. c4 Nxd2 13. Qxd2 Nxe5 14. fxe5 dxc4
15. bxc4 Bg5 16. Qe2 g6 17. Rae1 Bh6 18. Qg4 Bg7 19. h4 Rae8 20. Rf6 Qe7 21.
Ref1 cxd4 22. exd4 Qb4 23. Qe2 b5 24. a3 Qa4 25. Rc1 bxc4 26. Rxc4 Qd7 27. Rc1
Bxf6 28. exf6 e5 29. Bb5 Qd5 30. dxe5 Qxg2+ 31. Qxg2 Bxg2 32. a4 Bh3 33. Ba3
Rc8 34. Rd1 Rfd8 35. Bd6 Rc2 36. Rb1 Rdc8 37. Ba3 Ra2 38. Bc1 Rcc2 0-1

[Event "CAMPEONATO CONTINENTAL ABSOLUT"]
[Site "Hotel Torre de Cali, Cali, Co"]
[Date "2007.07.12"]
[Round "3.34"]
[White "Martinez, Julian"]
[Black "Alvarez, Javier"]
[Result "0-1"]
[WhiteElo "2251"]
[BlackElo "2100"]
[PlyCount "116"]
[EventDate "2007.07.10"]
[EventType "swiss"]

1. e4 c5 2. Nf3 d6 3. d4 cxd4 4. Nxd4 Nf6 5. Nc3 Nc6 6. Be2 e5 7. Nb3 Be7 8.
Bg5 O-O 9. Qd2 h6 10. Bxf6 Bxf6 11. Rd1 Be7 12. Bc4 Be6 13. Bxe6 fxe6 14. O-O
a6 15. Qe2 Rf6 16. Rd3 Qb6 17. Qe3 Qxe3 18. Rxe3 Nd4 19. Ne2 Nxe2+ 20. Rxe2 Rc8
21. Rd1 b6 22. Rd3 Rc6 23. Kf1 Rf4 24. Ke1 Kf8 25. Kd1 Ke8 26. Nd2 b5 27. a4
bxa4 28. Ra3 d5 29. Rxa4 Rb6 30. b3 Kd7 31. exd5 exd5 32. Rxe5 Rxf2 33. Rxd5+
Ke6 34. Rd3 Rxg2 35. Re4+ Kf7 36. Nc4 Re6 37. Rxe6 Kxe6 38. h3 Rg1+ 39. Kd2
Rg2+ 40. Kc1 Bg5+ 41. Nd2 h5 42. c4 a5 43. Kc2 Rh2 44. Rd5 Bf4 45. h4 g5 46.
hxg5 h4 47. Kd3 Bxd2 48. g6 Kf6 49. c5 Kxg6 50. Rd6+ Kf5 51. c6 Bb4 52. Rd5+
Ke6 53. Rh5 Kd6 54. Rh6+ Kc7 55. Kc4 Rc2+ 56. Kb5 Rc5+ 57. Ka4 Be1 58. Re6 Bg3
0-1

[Event "CAMPEONATO CONTINENTAL ABSOLUT"]
[Site "Hotel Torre de Cali, Cali, Co"]
[Date "2007.07.12"]
[Round "3.35"]
[White "Naranjo, Sebastian"]
[Black "Peña, Alfredo"]
[Result "1/2-1/2"]
[WhiteElo "2035"]
[BlackElo "2248"]
[PlyCount "74"]
[EventDate "2007.07.10"]
[EventType "swiss"]

1. e4 e5 2. Nf3 Nc6 3. d4 exd4 4. Nxd4 Nf6 5. Nxc6 bxc6 6. e5 Qe7 7. Qe2 Nd5 8.
c4 Ba6 9. Qe4 Nb6 10. Nc3 O-O-O 11. c5 Bxf1 12. cxb6 Ba6 13. bxa7 Kb7 14. Be3
Ka8 15. O-O-O Bb7 16. Rhe1 Qe6 17. f4 g6 18. Qa4 Be7 19. Ne4 Qf5 20. g3 d6 21.
exd6 cxd6 22. Bb6 Rd7 23. Qd4 Rc8 24. Nc5 Bf6 25. Re5 (25. Qd2 $16) 25... Bxe5
26. fxe5 dxc5 27. Qxd7 Qxe5 28. Qxf7 Qe3+ 29. Rd2 Qe1+ 30. Rd1 Qe3+ 31. Kc2
Qe4+ 32. Kc1 Qe3+ 33. Kb1 Qe4+ 34. Ka1 Qe2 35. Rc1 Qxh2 36. Qf4 h6 37. Bxc5 g5
$16 1/2-1/2

[Event "CAMPEONATO CONTINENTAL ABSOLUT"]
[Site "Hotel Torre de Cali, Cali, Co"]
[Date "2007.07.12"]
[Round "3.36"]
[White "Ruiz, Pablo"]
[Black "Arenas, David"]
[Result "1/2-1/2"]
[WhiteElo "2247"]
[BlackElo "2081"]
[PlyCount "91"]
[EventDate "2007.07.10"]
[EventType "swiss"]

1. e4 c5 2. Nf3 d6 3. d4 cxd4 4. Nxd4 Nf6 5. Nc3 a6 6. Be2 e5 7. Nb3 Be7 8. Bg5
Be6 9. Bxf6 Bxf6 10. Nd5 Bg5 11. O-O O-O 12. a4 Nc6 13. a5 f5 14. exf5 Bxf5 15.
Bg4 Qc8 16. Ra4 Rb8 17. c3 Kh8 18. Qe2 Qe8 19. Bxf5 Rxf5 20. Rg4 Qf7 21. c4 Rf8
22. Re4 Qg6 23. Rg4 Qf7 24. Re4 Bd8 25. g4 Rf3 26. Nd2 Rh3 27. f4 Qe8 28. Qg2
Rd3 29. fxe5 dxe5 30. Qe2 Rxf1+ 31. Nxf1 Rd4 32. b4 h6 33. Ng3 Bg5 34. Rxd4
Nxd4 35. Qe4 Qa4 36. Kg2 Qa2+ 37. Kh3 Qxc4 38. Qxe5 Nc6 39. Qe8+ Kh7 40. Qf7
Ne5 41. Qf5+ Ng6 42. Nh5 Qb3+ 43. Kg2 Kh8 44. Qc8+ Kh7 45. Qf5 Kh8 46. Qc8+
1/2-1/2

[Event "CAMPEONATO CONTINENTAL ABSOLUT"]
[Site "Hotel Torre de Cali, Cali, Co"]
[Date "2007.07.12"]
[Round "3.37"]
[White "Villa, Olivia Rosalba"]
[Black "Ramirez, Carlos"]
[Result "0-1"]
[WhiteElo "1968"]
[BlackElo "2241"]
[PlyCount "64"]
[EventDate "2007.07.10"]
[EventType "swiss"]

1. d4 Nf6 2. Nf3 g6 3. Bg5 Bg7 4. Nbd2 h6 5. Bxf6 Bxf6 6. e4 d6 7. Bd3 O-O 8.
O-O e5 9. c3 Nc6 10. Nb3 Bg4 11. Be2 Bg7 12. h3 Bd7 13. dxe5 dxe5 14. Nc5 Bc8
15. Nd2 Qe7 16. Nd3 Be6 17. Qa4 a6 18. b4 Bxh3 19. Rfd1 Qg5 20. Bf1 Bg4 21. f3
Be6 22. Nc5 Bc8 23. Qb3 b6 24. Qd5 bxc5 25. Qxc6 Qe3+ 26. Kh1 Be6 27. Bc4 Bxc4
28. Nxc4 Qxc3 29. Qxc5 Rfd8 30. Qxc7 Rac8 31. Rac1 Qxb4 32. a3 Qb5 0-1

[Event "CAMPEONATO CONTINENTAL ABSOLUT"]
[Site "Hotel Torre de Cali, Cali, Co"]
[Date "2007.07.12"]
[Round "3.38"]
[White "Gallego, Andres"]
[Black "Rios, Cristian Camilo"]
[Result "1-0"]
[WhiteElo "2235"]
[BlackElo "2013"]
[PlyCount "93"]
[EventDate "2007.07.10"]
[EventType "swiss"]

1. e4 c5 2. Nf3 e6 3. d4 cxd4 4. Nxd4 Nf6 5. Nc3 d6 6. Bc4 Be7 7. Bb3 O-O 8.
Be3 Na6 9. f4 e5 10. Nde2 Ng4 11. Bg1 exf4 12. Nxf4 Bh4+ 13. g3 Ne5 14. Be3 Bg4
15. Qc1 Bf6 16. O-O Nc5 17. Kg2 Ng6 18. Qd2 Nxf4+ 19. Rxf4 Nxb3 20. axb3 Be6
21. Rf2 Bxc3 22. bxc3 Qc7 23. Bd4 Qc6 24. Re1 Qb5 25. Qf4 Rad8 26. c4 Qh5 27.
Bxa7 Qa5 28. Qe3 Rde8 29. Bb6 Qh5 30. Qd2 Bh3+ 31. Kg1 Re6 32. Rf4 g5 33. Rf2
Qg6 34. Bd4 Rfe8 35. Bc3 h5 36. Qd4 Kh7 37. Re3 Bg4 38. h3 Bxh3 39. Ref3 Rxe4
40. Rxf7+ Kh6 41. Qd3 Re1+ 42. Bxe1 Rxe1+ 43. Kh2 Qxd3 44. cxd3 g4 45. R7f6+
Kg7 46. Rxd6 Re3 47. Rd7+ 1-0

[Event "CAMPEONATO CONTINENTAL ABSOLUT"]
[Site "Hotel Torre de Cali, Cali, Co"]
[Date "2007.07.12"]
[Round "3.39"]
[White "Markzon, Gregory"]
[Black "Jukemura, Leandro"]
[Result "1/2-1/2"]
[WhiteElo "2237"]
[BlackElo "2025"]
[PlyCount "98"]
[EventDate "2007.07.10"]
[EventType "swiss"]

1. d4 d5 2. c4 Nc6 3. cxd5 Qxd5 4. Nf3 e5 5. Nc3 Bb4 6. Bd2 Bxc3 7. Bxc3 e4 8.
Nd2 e3 9. fxe3 Nf6 10. e4 Nxe4 11. Nxe4 Qxe4 12. d5 Ne7 13. Bxg7 Rg8 14. Qd4
Bf5 15. d6 cxd6 16. e3 Nc6 17. Qxe4+ Bxe4 18. Bc3 Ke7 19. Rg1 Ne5 20. h3 Rac8
21. Rd1 Rg6 22. Rd4 Bc6 23. Kf2 Rcg8 24. Rf4 Rg3 25. Bxe5 dxe5 26. Rh4 R3g7 27.
g3 Rd8 28. Ke1 f6 29. Bc4 Rd6 30. Bb3 Be8 31. Rc4 Kd8 32. Rc1 Bg6 33. Rd1 Rxd1+
34. Kxd1 Rd7+ 35. Ke2 Bf5 36. g4 Bd3+ 37. Kf3 b6 38. h4 Bb5 39. Rd1 Bc6+ 40.
Kf2 Rxd1 41. Bxd1 Kd7 42. Ke2 Kd6 43. Kd3 Kc5 44. Kc3 a5 45. a3 b5 46. b4+
axb4+ 47. axb4+ Kd5 48. Bf3+ Kd6 49. Bxc6 Kxc6 1/2-1/2

[Event "CAMPEONATO CONTINENTAL ABSOLUT"]
[Site "Hotel Torre de Cali, Cali, Co"]
[Date "2007.07.12"]
[Round "3.40"]
[White "Gonzalez, Juan Manuel"]
[Black "Mesias, Rabindranath"]
[Result "0-1"]
[WhiteElo "2115"]
[BlackElo "2237"]
[PlyCount "61"]
[EventDate "2007.07.10"]
[EventType "swiss"]

1. d4 c5 2. c3 cxd4 3. cxd4 g6 4. Nf3 Bg7 5. Nc3 Nf6 6. Bf4 O-O 7. e3 d6 8. Be2
b6 9. O-O Bb7 10. h3 Nbd7 11. a4 Nd5 12. Bg3 Rc8 13. Qb3 N7f6 14. Nd2 e5 15.
Nb5 Nh5 16. Bxh5 gxh5 17. Nxa7 h4 18. Bh2 Rc7 19. Rfc1 exd4 20. Rxc7 Qxc7 21.
Nb5 Qc6 22. e4 Ne7 23. Bxd6 Re8 24. Qd1 Qd7 25. Rc1 Bc6 26. e5 Nf5 27. Nc7 Nxd6
28. exd6 Re5 29. Nc4 Rg5 30. g4 hxg3 31. Nxb6 0-1

[Event "CAMPEONATO CONTINENTAL ABSOLUT"]
[Site "Hotel Torre de Cali, Cali, Co"]
[Date "2007.07.12"]
[Round "3.41"]
[White "Sierra, Julian Andres"]
[Black "Sanchez, Victor"]
[Result "0-1"]
[WhiteElo "2070"]
[BlackElo "2232"]
[PlyCount "70"]
[EventDate "2007.07.10"]
[EventType "swiss"]

1. e4 c5 2. Nf3 e6 3. d4 cxd4 4. Nxd4 a6 5. Bd3 Nf6 6. Be3 Qc7 7. f4 Nc6 8. c3
d6 9. Nd2 e5 10. Nxc6 Qxc6 11. h3 exf4 12. Bxf4 Be7 13. Qf3 Be6 14. Bc2 O-O 15.
g4 Nd7 16. g5 Qb5 17. Nb3 Ne5 18. Qg3 a5 19. Bxe5 Qxe5 20. Qxe5 dxe5 21. h4 a4
22. Nd2 a3 23. b3 Rac8 24. c4 b5 25. O-O-O bxc4 26. bxc4 Bb4 27. Nb3 Rxc4 28.
Kb1 Rfc8 29. Rh2 g6 30. Rg2 Rc3 31. Rh1 Re3 32. Rgh2 Bg4 33. Rf1 Be2 34. Rfh1
Bf3 35. Rh3 Rcc3 0-1

[Event "CAMPEONATO CONTINENTAL ABSOLUT"]
[Site "Hotel Torre de Cali, Cali, Co"]
[Date "2007.07.12"]
[Round "3.42"]
[White "Navia, Edwin Adrian"]
[Black "Restuccia, Francisco"]
[Result "1/2-1/2"]
[WhiteElo "2019"]
[BlackElo "2222"]
[PlyCount "91"]
[EventDate "2007.07.10"]
[EventType "swiss"]

1. e4 c5 2. Nf3 d6 3. d4 cxd4 4. Nxd4 Nf6 5. Nc3 a6 6. Be3 e5 7. Nb3 Be6 8. f3
Nbd7 9. Qd2 Nb6 10. O-O-O d5 11. Bxb6 Qxb6 12. Nxd5 Bxd5 13. exd5 Rd8 14. c4
Bb4 15. Qg5 O-O 16. Qxe5 a5 17. Qd4 Qc7 18. a3 Rxd5 19. Qh4 Rxd1+ 20. Kxd1 a4
21. Nc1 Qd6+ 22. Bd3 Ba5 23. Kc2 Bc7 24. Kb1 Re8 25. Qf2 Bb6 26. Qc2 Ra8 27. f4
g6 28. h4 Bd4 29. h5 Nd7 30. hxg6 hxg6 31. g4 Nc5 32. f5 Ra6 33. Qh2 Qxh2 34.
Rxh2 Rb6 35. fxg6 fxg6 36. Bf1 Rf6 37. Bg2 Kg7 38. Bd5 Rf1 39. Kc2 Rg1 40. Rg2
Rf1 41. Ne2 Be5 42. Nc3 Bf4 43. Ne2 Be5 44. Nc3 Bf4 45. Ne2 Be5 46. Nc3 1/2-1/2

[Event "CAMPEONATO CONTINENTAL ABSOLUT"]
[Site "Hotel Torre de Cali, Cali, Co"]
[Date "2007.07.12"]
[Round "3.43"]
[White "Jukemura, Rodrigo"]
[Black "Juarez Flores, Gustavo E"]
[Result "1-0"]
[WhiteElo "2017"]
[BlackElo "2204"]
[PlyCount "115"]
[EventDate "2007.07.10"]
[EventType "swiss"]

1. d4 g6 2. c4 Bg7 3. Nc3 d6 4. e4 Nc6 5. d5 Nd4 6. Be3 c5 7. Nge2 Qb6 8. Na4
Qa5+ 9. Bd2 Qa6 10. Nxd4 Bxd4 11. Nc3 Bd7 12. Bd3 Nf6 13. h3 Qb6 14. Rb1 Nh5
15. Ne2 Bg7 16. O-O O-O 17. f4 f5 18. exf5 Bxf5 19. Bxf5 gxf5 20. g4 Nf6 21.
Ng3 fxg4 22. hxg4 e6 23. dxe6 d5 24. f5 Ne4 25. Nxe4 dxe4 26. Bc3 Bd4+ 27. Kg2
Qd6 28. Qe1 Qc6 29. Qg3 Rae8 30. Rf4 e3+ 31. Qf3 Rxe6 32. Qxc6 bxc6 33. Bxd4
cxd4 34. Rxd4 Re5 35. Re1 h5 36. Kf3 hxg4+ 37. Rxg4+ Kf7 38. Rxe3 Rxf5+ 39. Rf4
Rxf4+ 40. Kxf4 Kf6 41. Kf3 Rf7 42. Ke2 Rb7 43. b3 Rb6 44. Kd3 c5 45. Kc3 Ra6
46. a4 Rb6 47. Re8 Rc6 48. b4 cxb4+ 49. Kxb4 Kf7 50. Re4 Kf6 51. c5 Rc7 52. Kb5
Kf7 53. c6 Kf8 54. Kc5 Re7 55. Rh4 Rg7 56. Kd5 Rg1 57. c7 Rd1+ 58. Kc5 1-0

[Event "CAMPEONATO CONTINENTAL ABSOLUT"]
[Site "Hotel Torre de Cali, Cali, Co"]
[Date "2007.07.12"]
[Round "3.44"]
[White "Garcia, Alvaro"]
[Black "Palao, Maricela"]
[Result "1-0"]
[WhiteElo "2156"]
[BlackElo "2139"]
[PlyCount "50"]
[EventDate "2007.07.10"]
[EventType "swiss"]

1. d4 d5 2. Nf3 c6 3. Bg5 Qb6 4. Qc1 Nd7 5. e3 Ngf6 6. Bd3 g6 7. Nbd2 Bg7 8.
O-O O-O 9. Re1 Re8 10. e4 dxe4 11. Nxe4 c5 12. Qf4 Nxe4 13. Rxe4 f6 14. Rae1 e5
15. Bc4+ Kh8 16. dxe5 fxg5 17. Nxg5 h6 18. Nf7+ Kh7 19. Nxh6 g5 20. Qxg5 Qg6
21. Qxg6+ Kxg6 22. Bf7+ Kxh6 23. Bxe8 Kh7 24. Bf7 Nf8 25. Rh4+ Bh6 1-0

[Event "CAMPEONATO CONTINENTAL ABSOLUT"]
[Site "Hotel Torre de Cali, Cali, Co"]
[Date "2007.07.12"]
[Round "3.45"]
[White "Rosales, Daniel"]
[Black "Cardona, Fabio"]
[Result "1/2-1/2"]
[WhiteElo "1989"]
[BlackElo "2152"]
[PlyCount "90"]
[EventDate "2007.07.10"]
[EventType "swiss"]

1. d4 Nf6 2. c4 e6 3. Nc3 Bb4 4. e3 O-O 5. Bd3 d6 6. Nge2 Nbd7 7. a3 Bxc3+ 8.
Nxc3 a5 9. O-O Re8 10. e4 e5 11. d5 Nf8 12. f3 Nh5 13. g3 Nf6 14. Be3 b6 15. b4
N6d7 16. Qd2 Bb7 17. Rab1 Qe7 18. Rfc1 Reb8 19. Nb5 axb4 20. Nxc7 Rxa3 21. Nb5
Ra4 22. Rxb4 Rxb4 23. Qxb4 Nc5 24. Be2 Ra8 25. Qb2 Nfd7 26. Ra1 Rxa1+ 27. Qxa1
Ba6 28. Qb2 Bxb5 29. Qxb5 h6 30. Qc6 Kh7 31. Kg2 g6 32. Bd1 Kg7 33. Qc7 Qf8 34.
Ba4 Qb8 35. Qxb8 Nxb8 36. Bb5 Nbd7 37. Bxd7 Nxd7 38. Kf2 f5 39. Ke2 fxe4 40.
fxe4 g5 41. Kd3 Kf7 42. Kc3 Kg7 43. Kb4 Nf6 44. Bxb6 Nxe4 45. Be3 Kf6 1/2-1/2

[Event "CAMPEONATO CONTINENTAL ABSOLUT"]
[Site "Hotel Torre de Cali, Cali, Co"]
[Date "2007.07.12"]
[Round "3.47"]
[White "Becerra, Juan David"]
[Black "Salazar, Jeyksson"]
[Result "1-0"]
[WhiteElo "2104"]
[BlackElo "2286"]
[PlyCount "45"]
[EventDate "2007.07.10"]
[EventType "swiss"]

1. e4 c5 2. d4 cxd4 3. c3 Nf6 4. e5 Nd5 5. cxd4 d6 6. exd6 e6 7. Nf3 Bxd6 8.
Bd3 Nd7 9. O-O O-O 10. Nc3 N7f6 11. Bg5 Be7 12. Rc1 b6 13. Ne5 Nxc3 14. Rxc3
Bb7 15. Bxf6 Qd5 16. f3 gxf6 17. Be4 Qxa2 18. Bxb7 Rab8 19. Nd7 Rxb7 20. Nxf8
Kxf8 21. Qc1 Kg7 22. f4 f5 23. Rg3+ 1-0

[Event "CAMPEONATO CONTINENTAL ABSOLUT"]
[Site "Hotel Torre de Cali, Cali, Co"]
[Date "2007.07.12"]
[Round "3.48"]
[White "Minaya, Juan"]
[Black "Montaño, Henry"]
[Result "1-0"]
[WhiteElo "2254"]
[BlackElo "2108"]
[PlyCount "89"]
[EventDate "2007.07.10"]
[EventType "swiss"]

1. e4 c5 2. Nc3 Nc6 3. g3 g6 4. Bg2 Bg7 5. d3 e6 6. Be3 d6 7. Qd2 a6 8. Nge2
Nd4 9. Rb1 Bd7 10. b4 Qc7 11. O-O Rc8 12. bxc5 dxc5 13. Bf4 Nxe2+ 14. Nxe2 e5
15. Be3 b5 16. f4 Ne7 17. fxe5 O-O 18. c3 Bxe5 19. d4 Bg7 20. d5 Qa7 21. Bh6
Rce8 22. Bxg7 Kxg7 23. Rf4 f6 24. Rbf1 g5 25. R4f2 Ng6 26. h3 h5 27. h4 Re5 28.
hxg5 fxg5 29. Rxf8 Nxf8 30. c4 Ng6 31. Qc3 Qb8 32. Qf3 Be8 33. Qf6+ Kh6 34.
Qxa6 bxc4 35. Qf6 c3 36. Rf5 Rxf5 37. exf5 c2 38. fxg6 c1=Q+ 39. Nxc1 Bxg6 40.
Qc3 c4 41. Ne2 h4 42. gxh4 gxh4 43. Qxc4 Qa7+ 44. Kh2 Qe7 45. Qf4+ 1-0

[Event "CAMPEONATO CONTINENTAL ABSOLUT"]
[Site "Hotel Torre de Cali, Cali, Co"]
[Date "2007.07.12"]
[Round "3.49"]
[White "Mateus, Alejandro"]
[Black "Santiago Lastra, Nefi"]
[Result "1/2-1/2"]
[WhiteElo "2194"]
[BlackElo "2106"]
[PlyCount "99"]
[EventDate "2007.07.10"]
[EventType "swiss"]

1. e4 d5 2. exd5 Nf6 3. Bb5+ Bd7 4. Bc4 b5 5. Bb3 Bg4 6. f3 Bf5 7. Ne2 Nxd5 8.
Nd4 Qd7 9. Nxf5 Qxf5 10. O-O e6 11. Bxd5 Qxd5 12. Nc3 Bc5+ 13. Kh1 Qd7 14. Qe2
c6 15. a4 b4 16. Ne4 Be7 17. b3 f5 18. Nf2 Bf6 19. Rb1 a5 20. Re1 Kf7 21. Nd3
Qd6 22. Bb2 Nd7 23. f4 h5 24. Be5 Bxe5 25. Nxe5+ Nxe5 26. Qxe5 Rhd8 27. d3 c5
28. Qe2 g6 29. Qf3 Qd5 30. Qg3 Ra6 31. Re5 Qd4 32. Rbe1 Rd5 33. Qg5 Qc3 34.
R5e2 Qf6 35. Qh6 Rdd6 36. Re5 Rac6 37. Kg1 Kg8 38. R1e3 Rd7 39. Rg3 Rg7 40. Rg5
Kf7 41. Qh8 Rg8 42. Qxf6+ Kxf6 43. h4 Rd8 44. Rg3 Rd4 45. Rf3 Rxf4 46. Rxe6+
Rxe6 47. Rxf4 Ke5 48. g3 Kd5 49. Kf2 Re5 50. Rc4 1/2-1/2

[Event "CAMPEONATO CONTINENTAL ABSOLUT"]
[Site "Hotel Torre de Cali, Cali, Co"]
[Date "2007.07.12"]
[Round "3.51"]
[White "Panesso, Henry"]
[Black "Narvaez, Zamir"]
[Result "1/2-1/2"]
[WhiteElo "2143"]
[BlackElo "2062"]
[PlyCount "138"]
[EventDate "2007.07.10"]
[EventType "swiss"]

1. e4 c5 2. Nc3 Nc6 3. Bb5 e6 4. Bxc6 dxc6 5. f4 b5 6. d3 b4 7. Nce2 Nf6 8. b3
Be7 9. Nf3 a5 10. a4 Qb6 11. h3 Ba6 12. Ng3 h5 13. Be3 Rd8 14. Nd2 h4 15. Ngf1
Qc7 16. Qf3 e5 17. g4 hxg3 18. Nxg3 exf4 19. Bxf4 Bd6 20. Bxd6 Qxd6 21. O-O-O
Qe5 22. Kb1 Rxd3 23. cxd3 Qc3 24. Ne2 Qxd3+ 25. Qxd3 Bxd3+ 26. Kb2 Bxe2 27.
Rde1 Ba6 28. e5 Nd5 29. Ne4 c4 30. bxc4 Nf4 31. Re3 Ke7 32. Nd6 Ke6 33. Kb3 f6
34. exf6+ Kxd6 35. fxg7 Rg8 36. Rd1+ Kc7 37. Re7+ Kb6 38. Rf1 Nd5 39. c5+ Kxc5
40. Rc1+ Kd6 41. Ra7 Bc8 42. h4 Be6 43. Kb2 Nc3 44. h5 Nxa4+ 45. Ka1 b3 46.
Rd1+ Kc5 47. h6 b2+ 48. Kb1 Bf5+ 49. Ka2 Nc3+ 50. Kxb2 Nxd1+ 51. Kc1 Kb4 52.
Kxd1 a4 53. Rb7+ Kc4 54. Ra7 Kb5 55. Rb7+ Ka6 56. Rf7 Bh7 57. Kc1 c5 58. Kb2
Kb5 59. Kc3 a3 60. Rb7+ Kc6 61. Ra7 Re8 62. Kd2 c4 63. Rxa3 Kd5 64. Ra7 Bg8 65.
Rf7 Kd4 66. Rd7+ Kc5 67. Rf7 Kd4 68. Rd7+ Ke5 69. Rf7 Kd4 1/2-1/2

[Event "CAMPEONATO CONTINENTAL ABSOLUT"]
[Site "Hotel Torre de Cali, Cali, Co"]
[Date "2007.07.12"]
[Round "3.52"]
[White "Rodriguez Montoya, Juan Andres"]
[Black "Franco, Angela"]
[Result "0-1"]
[WhiteElo "2009"]
[BlackElo "2143"]
[PlyCount "52"]
[EventDate "2007.07.10"]
[EventType "swiss"]

1. e4 d5 2. exd5 Qxd5 3. Nc3 Qa5 4. d4 Nf6 5. Nf3 Bf5 6. Bf4 e6 7. Qd2 Bb4 8.
Bd3 Nd5 9. a3 Nxc3 10. bxc3 Bxc3 11. Bxf5 Bxd2+ 12. Bxd2 Qxf5 13. O-O O-O 14.
c4 Nc6 15. Rab1 b6 16. Rfc1 Rad8 17. Rb5 Qd3 18. d5 exd5 19. cxd5 Qxb5 20. Rxc6
Rxd5 21. Rxc7 Qb1+ 22. Be1 Re8 23. h3 Rxe1+ 24. Kh2 Rh1+ 25. Kg3 Qg6+ 26. Kh4
Rh5# 0-1

[Event "CAMPEONATO CONTINENTAL ABSOLUT"]
[Site "Hotel Torre de Cali, Cali, Co"]
[Date "2007.07.12"]
[Round "3.53"]
[White "Chaucanes, Lina Marcela"]
[Black "Sanchez M, Luis Enrique"]
[Result "0-1"]
[WhiteElo "1991"]
[BlackElo "2143"]
[PlyCount "92"]
[EventDate "2007.07.10"]
[EventType "swiss"]

1. e4 e5 2. Nf3 Nc6 3. Bb5 Nf6 4. O-O Be7 5. Re1 d6 6. Bxc6+ bxc6 7. d4 exd4 8.
Nxd4 Bd7 9. Nc3 O-O 10. h3 Rb8 11. Nb3 Re8 12. e5 dxe5 13. Rxe5 Bd6 14. Rxe8+
Qxe8 15. Qe2 Qc8 16. Qf3 Qe8 17. Bf4 Rb4 18. Bxd6 cxd6 19. a3 Rb8 20. Rd1 d5
21. Kf1 Be6 22. Qe3 a6 23. Qa7 Qc8 24. Qe3 h6 25. Na4 Bf5 26. Nd4 Be4 27. Qc3
Qc7 28. Nxc6 Re8 29. Kg1 Qf4 30. Nc5 Bg6 31. Nd3 Bxd3 32. cxd3 Qg4 33. Rc1 Qf4
34. Re1 Re6 35. Rxe6 fxe6 36. Qe5 Qc1+ 37. Kh2 Qxc6 38. f4 Kf7 39. f5 exf5 40.
Qxf5 Qc7+ 41. Kg1 Qc1+ 42. Kh2 Qxb2 43. a4 a5 44. Qf4 Qc3 45. Qf3 Qe5+ 46. g3
Qb2+ 0-1

[Event "CAMPEONATO CONTINENTAL ABSOLUT"]
[Site "Hotel Torre de Cali, Cali, Co"]
[Date "2007.07.12"]
[Round "3.54"]
[White "Bermudes, Eduardo"]
[Black "Perez, Olarte Cesar Camilo"]
[Result "0-1"]
[WhiteElo "2138"]
[BlackElo "2056"]
[PlyCount "104"]
[EventDate "2007.07.10"]
[EventType "swiss"]

1. g3 Nf6 2. Bg2 d5 3. d3 e6 4. Nd2 Be7 5. e4 dxe4 6. dxe4 e5 7. Ngf3 Nc6 8.
O-O O-O 9. c3 h6 10. Qe2 Be6 11. Nc4 Nd7 12. Rd1 Qc8 13. Ne3 a5 14. Nd5 Bc5 15.
Be3 Bxe3 16. Qxe3 Re8 17. Rd2 Bxd5 18. exd5 Ne7 19. Bh3 Ng6 20. Bf5 Ngf8 21.
Re1 Qd8 22. Kg2 Qf6 23. Bc2 Nb6 24. b3 Qd6 25. c4 Nbd7 26. Nh4 Qc5 27. Qf3 g6
28. Qc3 b5 29. Bd3 b4 30. Qc2 Qd6 31. Rde2 f5 32. f3 Nc5 33. Qd2 Nxd3 34. Qxd3
Nd7 35. g4 Qf6 36. Kg3 e4 37. fxe4 f4+ 38. Kh3 Ne5 39. Qd2 h5 40. g5 Qf7 41.
Rf2 Qd7+ 42. Kg2 Qg4+ 43. Kh1 Qxh4 44. Rxf4 Qh3 45. Ref1 Qd3 46. Qxd3 Nxd3 47.
Rf6 Ne5 48. d6 Ng4 49. Rxg6+ Kh7 50. d7 Kxg6 51. dxe8=Q+ Rxe8 52. Rf5 Re5 0-1

[Event "CAMPEONATO CONTINENTAL ABSOLUT"]
[Site "Hotel Torre de Cali, Cali, Co"]
[Date "2007.07.12"]
[Round "3.55"]
[White "Orozco, Lina"]
[Black "Franco, Beatriz"]
[Result "0-1"]
[WhiteElo "1969"]
[BlackElo "2130"]
[PlyCount "46"]
[EventDate "2007.07.10"]
[EventType "swiss"]

1. e4 e5 2. Nf3 Nc6 3. Bc4 Bc5 4. c3 Nf6 5. Qe2 d6 6. b4 Bb6 7. d3 Be6 8. Bb5
a6 9. Ba4 Ba7 10. Nbd2 O-O 11. h3 Kh8 12. Nf1 Ng8 13. g4 b5 14. Bc2 d5 15. Ng5
d4 16. a3 dxc3 17. Nxe6 fxe6 18. Be3 Bxe3 19. Qxe3 Nd4 20. O-O-O a5 21. Kb1
axb4 22. axb4 Qd6 23. Qe1 Qxb4+ 0-1

[Event "CAMPEONATO CONTINENTAL ABSOLUT"]
[Site "Hotel Torre de Cali, Cali, Co"]
[Date "2007.07.12"]
[Round "3.56"]
[White "Mateus, Martha"]
[Black "Guerrero, Hernando"]
[Result "1-0"]
[WhiteElo "2127"]
[BlackElo "2041"]
[PlyCount "103"]
[EventDate "2007.07.10"]
[EventType "swiss"]

1. e4 e6 2. d3 d5 3. Nd2 Nf6 4. Ngf3 dxe4 5. dxe4 Nc6 6. Bb5 Be7 7. Bxc6+ bxc6
8. O-O O-O 9. Qe2 Bb7 10. b3 Qc8 11. Bb2 h6 12. Rfd1 c5 13. e5 Nh7 14. Ba3 Qe8
15. Ne4 Qc6 16. Re1 Rfe8 17. Qc4 Ba6 18. Qc3 c4 19. Bxe7 Rxe7 20. Rad1 Qb5 21.
a4 Qb6 22. b4 Bb7 23. Qxc4 a5 24. b5 c6 25. Nd4 cxb5 26. Qxb5 Qc7 27. Nd6 Ba6
28. Qc6 Qxc6 29. Nxc6 Rc7 30. Nd4 Nf8 31. c4 Rc5 32. N4b5 Ng6 33. f4 Nxf4 34.
Rd4 Ng6 35. Rde4 Rd8 36. h3 Rd7 37. Kh2 Ne7 38. Rg4 Nc6 39. Ne4 Rxe5 40. Nf6+
Kh8 41. Rxe5 Nxe5 42. Nxd7 Nxd7 43. Rd4 Nc5 44. Rd6 Bb7 45. Rb6 Be4 46. Nc3 Bd3
47. Rc6 Nb3 48. Rc8+ Kh7 49. c5 e5 50. c6 Bf5 51. Re8 Nd4 52. c7 1-0

[Event "CAMPEONATO CONTINENTAL ABSOLUT"]
[Site "Hotel Torre de Cali, Cali, Co"]
[Date "2007.07.12"]
[Round "3.57"]
[White "Rua, Nora"]
[Black "Barros, Raul Junior"]
[Result "1/2-1/2"]
[WhiteElo "1960"]
[BlackElo "2117"]
[PlyCount "112"]
[EventDate "2007.07.10"]
[EventType "swiss"]

1. d4 Nf6 2. Nf3 g6 3. Bf4 Bg7 4. e3 d5 5. Bd3 O-O 6. Nbd2 Bg4 7. h3 Be6 8. Ne5
Nbd7 9. O-O Nxe5 10. Bxe5 Qd7 11. Nf3 Rac8 12. Rc1 c5 13. c3 c4 14. Bb1 Bf5 15.
Re1 Bxb1 16. Rxb1 Ne4 17. Bxg7 Kxg7 18. Nd2 f5 19. Nf3 Nd6 20. Ne5 Qc7 21. Qf3
e6 22. Qf4 Nf7 23. Nxf7 Rxf7 24. Qxc7 Rfxc7 25. f3 Re7 26. e4 Rce8 27. exd5
exd5 28. Kf2 Rxe1 29. Rxe1 Rxe1 30. Kxe1 Kf6 31. Kf2 f4 32. Ke2 b5 33. Kf2 a5
34. a3 Kf5 35. Kf1 h5 36. h4 g5 37. hxg5 Kxg5 38. Kg1 Kh4 39. Kf2 a4 40. g3+
fxg3+ 41. Kg2 Kg5 42. Kxg3 h4+ 43. Kh3 Kf4 44. Kxh4 Kxf3 45. Kg5 Ke3 46. Kf6
Kd3 47. Ke5 Kc2 48. Kxd5 Kxb2 49. Kc5 Kxc3 50. d5 Kb3 51. d6 c3 52. d7 c2 53.
d8=Q c1=Q+ 54. Kxb5 Qc4+ 55. Ka5 Kxa3 56. Qd6+ Kb2 1/2-1/2